The green troubadour source book: eco-Shamanic writing for actor training & public performance / (Record no. 290617)
[ view plain ]
| 000 -LEADER | |
|---|---|
| fixed length control field | 00526nam a2200145Ia 4500 |
| 008 - FIXED-LENGTH DATA ELEMENTS--GENERAL INFORMATION | |
| fixed length control field | 160216s9999 xx 000 0 und d |
| 100 ## - MAIN ENTRY--PERSONAL NAME | |
| Personal name | Sparenberg, D. |
| 245 #4 - TITLE STATEMENT | |
| Title | The green troubadour source book: eco-Shamanic writing for actor training & public performance / |
| 245 ## - TITLE STATEMENT | |
| Statement of responsibility, etc | D. Sparenberg. |
| 260 ## - PUBLICATION, DISTRIBUTION, ETC. (IMPRINT) | |
| Name of publisher, distributor, etc | Ovi Magazine Books Publication |
| 260 ## - PUBLICATION, DISTRIBUTION, ETC. (IMPRINT) | |
| Date of publication, distribution, etc | 2013 |
| 650 ## - SUBJECT ADDED ENTRY--TOPICAL TERM | |
| General subdivision | Writing - actor training. |
| 650 ## - SUBJECT ADDED ENTRY--TOPICAL TERM | |
| General subdivision | Writing - public performance. |
| 856 ## - ELECTRONIC LOCATION AND ACCESS | |
| Uniform Resource Identifier | <a href="http://media.wix.com/ugd/f47560_a67a9551f392485bb610d629cbd8a0f1.pdf">http://media.wix.com/ugd/f47560_a67a9551f392485bb610d629cbd8a0f1.pdf</a> |
| Withdrawn status | Lost status | Damaged status | Home library | Current library | Date acquired | Total Checkouts | Date last seen | Price effective from | Koha item type |
|---|---|---|---|---|---|---|---|---|---|
| College Library | College Library | 02/16/2016 | 02/16/2016 | 02/16/2016 | Curriculum - Based eBooks |